| 000 | 00509nam a2200169 4500 | ||
|---|---|---|---|
| 001 | 110002 | ||
| 003 | ES-MaACL | ||
| 005 | 20230906184946.0 | ||
| 007 | t| | ||
| 008 | 061121s1969 sp r ||||1| spa d | ||
| 100 | 1 |
_aMoisson, Marcel. _981819 |
|
| 245 | 1 | 0 |
_aEstudios de mercados y promoción de ventas / _cMarcel Moisson; traducido por Dagoberto Azurza. |
| 260 |
_aBilbao : _bDeusto, _c1969. |
||
| 300 |
_a133 p. ; _c21 cm. |
||
| 700 | 1 |
_aAzurza, Dagoberto. _924383 |
|
| 852 |
_aES-MaACL _jC-48444 _bR.72368 |
||
| 999 |
_c110002 _d110002 |
||